French Overseas Territories - Statistics

General Stats
  • This quiz has been taken 90 times
  • The average score is 8 of 12
Answer Stats
Continent Answer % Correct
South America French Guiana
91%
Africa Réunion
83%
North America Guadeloupe
77%
North America Martinique
75%
Africa Mayotte
74%
Oceania New Caledonia
74%
Oceania French Polynesia
72%
North America Saint Pierre-et-Miquelon
63%
North America Saint Martin
62%
North America Saint Barthélemy
58%
Oceania Wallis and Futuna
52%
Africa French Southern and Atlantic Lands
5%
No matching quizzes found
Score Distribution
Percent of People with Each Score
Percentile by Number Answered
Your Score History
You have not taken this quiz